000 00746nam a2200229Ia 4500
003 OSt
005 20220923223254.0
006 a|||||r|||| 00| 0
007 ta
008 220922b |||||||| |||| 00| 0 hin d
024 _a212,717
037 _cTextual
040 _aARTS
_cARTS
_bhin
041 _2hin
_ahin
082 _aO152,3N25,VT, L6
100 _aशर्मा, लक्ष्मी कान्त
_9157799
245 0 _aवत्सला टूट गई
246 _aVatsalā ṭūṭ gaī
260 _aअजमेर
_b चित्रगुप्त प्रका0
_c1976
942 _hO152,3N25,VT, L6
_cTEXL
_2CC
999 _c362991
_d362991